[Event "Women's Speed Chess Q6"]
[Site "chess.com INT"]
[Date "2021.06.05"]
[Round "12"]
[White "Matveeva, Olga"]
[Black "Eswaran, Aksithi"]
[Result "1-0"]
[WhiteTitle "WIM"]
[BlackTitle "WCM"]
[WhiteElo "2145"]
[BlackElo "1745"]
[WhiteFideId "24107018"]
[BlackFideId "2083485"]
[EventDate "2021.06.05"]

1. d4 d5 2. c4 c6 3. Nf3 Nf6 4. e3 e6 5. b3 Bd6 6. Bd3 O-O 7. O-O Nbd7 8. Ba3
Bxa3 9. Nxa3 Re8 10. Ne5 Nxe5 11. dxe5 Nd7 12. f4 Nc5 13. Bc2 Qa5 14. Nb1 dxc4
15. bxc4 Rd8 16. Qh5 g6 17. Qh4 Qb6 18. Nc3 Qb2 19. Qxd8+ Kg7 20. Qf6+ Kf8 21.
Rad1 Nd7 22. Qd8+ Kg7 23. Rxd7 Bxd7 24. Qxa8 Qxc3 25. Bb1 Qxe3+ 26. Kh1 Qe2 27.
Rg1 c5 28. Qxb7 Ba4 29. Qxa7 Bc6 30. Qxc5 Bb7 31. a4 Qb2 32. a5 Bxg2+ 33. Rxg2
Qxb1+ 34. Qg1 Qb4 35. Qa1 Qxc4 36. a6 Qc8 37. a7 Qa8 38. Kg1 h5 39. Rb2 Qf3 40.
a8=Q Qe3+ 41. Kh1 1-0

[Event "Women's Speed Chess Q6"]
[Site "chess.com INT"]
[Date "2021.06.05"]
[Round "12"]
[White "Pourkashiyan, Atousa"]
[Black "Padmini, Rout"]
[Result "0-1"]
[WhiteTitle "WGM"]
[BlackTitle "IM"]
[WhiteElo "2322"]
[BlackElo "2370"]
[WhiteFideId "12502014"]
[BlackFideId "5029295"]
[EventDate "2021.06.05"]

1. e4 c5 2. Nf3 e6 3. b3 b6 4. d4 cxd4 5. Nxd4 Bb7 6. Bd3 Bb4+ 7. c3 Be7 8. O-O
Qc7 9. c4 Nf6 10. Nb5 Qe5 11. N1c3 a6 12. f4 Qc5+ 13. Kh1 axb5 14. Nxb5 d6 15.
Qe2 Nbd7 16. a4 O-O 17. e5 Ne8 18. Bc2 Qc8 19. exd6 Bf6 20. Rb1 g6 21. Be3 Bc6
22. Rfd1 Ng7 23. Qf2 Qb7 24. Nd4 Nf5 25. Bxf5 exf5 26. Kg1 Rfe8 27. Rd2 Re4 28.
Nxc6 Qxc6 29. Rd5 Rae8 30. Bd4 Qxd5 31. cxd5 Bxd4 32. Qxd4 Rxd4 33. Rc1 Rxd5 34.
Rc7 Rxd6 0-1

[Event "Women's Speed Chess Q6"]
[Site "chess.com INT"]
[Date "2021.06.05"]
[Round "12"]
[White "Nurmanova, Alua"]
[Black "Morris-Suzuki, Sophie"]
[Result "0-1"]
[WhiteTitle "WFM"]
[BlackTitle "WFM"]
[WhiteElo "2093"]
[BlackElo "2043"]
[WhiteFideId "13729390"]
[BlackFideId "30922615"]
[EventDate "2021.06.05"]

1. e4 c5 2. Nf3 e6 3. d4 cxd4 4. Nxd4 a6 5. Nc3 Qc7 6. g3 Bb4 7. Ne2 b5 8. Bg2
Bb7 9. O-O Be7 10. Bf4 d6 11. Qd2 Nd7 12. a4 b4 13. Na2 Ngf6 14. f3 e5 15. Bg5
d5 16. exd5 Bxd5 17. Kh1 a5 18. c3 b3 19. Nac1 O-O 20. Nd3 Rad8 21. Qe3 Rfe8 22.
Rad1 h6 23. Bxf6 Bxf6 24. Nf2 Nc5 25. Ne4 Be7 26. h4 f5 27. Nxc5 Bxc5 28. Qc1
Bc4 29. Rde1 Qb6 30. Bh3 Be3 31. Qb1 Rd2 32. Ng1 Bxf1 33. Rxf1 Bxg1 34. Rxg1 Qf2
35. Rg2 Qxf3 36. Qg1 Rd1 0-1

[Event "Women's Speed Chess Q6"]
[Site "chess.com INT"]
[Date "2021.06.05"]
[Round "12"]
[White "Maklakova, Nellija"]
[Black "Varney, Zoe"]
[Result "1-0"]
[BlackTitle "WCM"]
[WhiteElo "1828"]
[BlackElo "1917"]
[WhiteFideId "11603470"]
[BlackFideId "436135"]
[EventDate "2021.06.05"]

1. e4 e5 2. Nf3 Nc6 3. Bb5 a6 4. Ba4 Nf6 5. O-O Be7 6. d3 b5 7. Bb3 O-O 8. c3 d5
9. Nbd2 dxe4 10. Nxe4 Bg4 11. h3 Nxe4 12. hxg4 Nc5 13. Bc2 Qd7 14. d4 exd4 15.
Nxd4 Nxd4 16. cxd4 Ne6 17. Qd3 g6 18. Bh6 Rfd8 19. d5 Bf6 20. Qf3 Bxb2 21. dxe6
Qxe6 22. Bb3 Qe7 23. Rae1 Qd7 24. Re2 Bg7 25. g5 c5 26. Bxg7 Kxg7 27. Qf6+ Kg8
28. Re7 Qxe7 29. Qxe7 Rf8 30. Qxc5 Rac8 31. Qb6 Ra8 32. Re1 Rfb8 33. Qc7 Rc8 34.
Qxf7+ Kh8 35. Qf6# 1-0

[Event "Women's Speed Chess Q6"]
[Site "chess.com INT"]
[Date "2021.06.05"]
[Round "12"]
[White "Balabayeva, Xeniya"]
[Black "Kubicka, Anna"]
[Result "0-1"]
[WhiteTitle "WFM"]
[BlackTitle "WIM"]
[WhiteElo "2116"]
[BlackElo "2210"]
[WhiteFideId "13719688"]
[BlackFideId "1152254"]
[EventDate "2021.06.05"]

1. e4 c5 2. Nf3 d6 3. Bb5+ Bd7 4. Bxd7+ Nxd7 5. O-O Ngf6 6. Re1 g6 7. c3 Bg7 8.
d4 cxd4 9. cxd4 O-O 10. Nc3 Rc8 11. h3 a6 12. Bf4 b5 13. a3 Re8 14. Qd2 Qb6 15.
Rad1 Qb7 16. e5 Nd5 17. exd6 Nxf4 18. Qxf4 exd6 19. Qxd6 Nb6 20. Qf4 Nc4 21. Ne4
Nxb2 22. Nd6 Rxe1+ 23. Rxe1 Qc7 24. Ng5 Nd3 25. Qe3 Nxe1 26. Nxc8 Qxc8 27. Qxe1
Bxd4 28. Qd2 Qc3 29. Qd1 Qa1 30. Qxa1 Bxa1 31. Ne4 Bb2 32. Nc5 Bxa3 33. Nxa6 Bd6
34. Kf1 Kf8 35. Ke2 Ke7 36. Kd3 Kd7 37. Kc3 Kc6 38. g3 Kb6 39. Nb4 Bxb4+ 40.
Kxb4 Kc6 41. f4 f5 42. g4 Kb6 43. g5 Kc6 44. h4 Kb6 45. Kb3 Kc5 46. Kc3 Kd5 47.
Kb4 Ke4 48. Kxb5 Kxf4 49. Kc6 Kg4 0-1

[Event "Women's Speed Chess Q6"]
[Site "chess.com INT"]
[Date "2021.06.05"]
[Round "12"]
[White "Szente Varga, Fruzsina"]
[Black "Chu, Ruotong"]
[Result "1-0"]
[WhiteTitle "WFM"]
[BlackTitle "WIM"]
[WhiteElo "2100"]
[BlackElo "2207"]
[WhiteFideId "712264"]
[BlackFideId "8605653"]
[EventDate "2021.06.05"]

1. e4 c5 2. Nf3 e6 3. b3 Nc6 4. Bb2 d5 5. exd5 Qxd5 6. Nc3 Qd8 7. Bb5 Nf6 8.
Bxc6+ bxc6 9. d3 Bd6 10. O-O O-O 11. h3 Nd5 12. Ne4 Be7 13. Ne5 Qc7 14. Qe2 f5
15. Nd2 Nf6 16. f4 a5 17. a4 Nd5 18. Ndc4 Bf6 19. Rae1 Ba6 20. Qf2 Bxc4 21. Nxc4
Bxb2 22. Nxb2 Qe7 23. Nc4 Nb4 24. Re5 Rfe8 25. Rfe1 Rad8 26. Nxa5 Qc7 27. Nc4
Rd5 28. Rxe6 Rxe6 29. Rxe6 Rd4 30. Re5 Rd5 31. Re8+ Kf7 32. Qe3 Qd7 33. Ne5+
Rxe5 34. Rxe5 Nxc2 35. Qxc5 h6 36. Rxf5+ Kg6 37. Re5 Qxd3 38. Qxc6+ Kh7 39. Qe4+
Qxe4 40. Rxe4 1-0

[Event "Women's Speed Chess Q6"]
[Site "chess.com INT"]
[Date "2021.06.05"]
[Round "12"]
[White "Zakirova, Aisha"]
[Black "Ribeiro, Regina"]
[Result "1-0"]
[WhiteTitle "WCM"]
[BlackTitle "WIM"]
[WhiteElo "1585"]
[BlackElo "1920"]
[WhiteFideId "13719734"]
[BlackFideId "2100681"]
[EventDate "2021.06.05"]

1. d4 Nf6 2. c4 d6 3. Nc3 e5 4. e4 exd4 5. Qxd4 Nc6 6. Qd2 Be7 7. b3 O-O 8. Bb2
a5 9. a4 Nb4 10. Nf3 Bg4 11. Be2 Nd7 12. O-O Nc5 13. h3 Bxf3 14. Bxf3 Nxb3 15.
Qf4 Nd3 16. Qg4 Nd2 17. Rfd1 Ne5 18. Qg3 Bh4 19. Qf4 Ndxc4 20. Bc1 Bf6 21. Rb1
Nxf3+ 22. Qxf3 Re8 23. Nd5 Be5 24. Qg4 c6 25. Ne3 1-0

[Event "Women's Speed Chess Q6"]
[Site "chess.com INT"]
[Date "2021.06.05"]
[Round "12"]
[White "Berend, Elvira"]
[Black "Purtseladze, Maka"]
[Result "1-0"]
[WhiteTitle "WGM"]
[BlackTitle "IM"]
[WhiteElo "2326"]
[BlackElo "2274"]
[WhiteFideId "4000510"]
[BlackFideId "13602659"]
[EventDate "2021.06.05"]

1. e4 e6 2. d4 d5 3. Nc3 Bb4 4. e5 Ne7 5. a3 Bxc3+ 6. bxc3 O-O 7. Bd3 b6 8. Qh5
Ng6 9. Nf3 f5 10. exf6 Qxf6 11. Bg5 Qf7 12. O-O Nd7 13. Rae1 Nf6 14. Bxf6 gxf6
15. Nd2 Kh8 16. f4 f5 17. Re3 Rg8 18. Rg3 Bd7 19. Qe2 c5 20. dxc5 bxc5 21. c4 d4
22. Nf3 Bc6 23. Ng5 Qf6 24. Rh3 Rg7 25. Qxe6 Rf8 26. Qxf6 Rxf6 27. Rh6 Re7 28.
Rb1 Rf8 29. g3 Rfe8 30. Kf2 Rf8 31. h4 Kg8 32. h5 Nh8 33. Rxc6 Nf7 34. Nxf7
Rexf7 35. Rxc5 Re7 1-0

[Event "Women's Speed Chess Q6"]
[Site "chess.com INT"]
[Date "2021.06.05"]
[Round "12"]
[White "Vine, Elzbieta"]
[Black "Selkirk, Rebecca"]
[Result "0-1"]
[WhiteTitle "WFM"]
[BlackTitle "WCM"]
[WhiteElo "2138"]
[BlackElo "1799"]
[WhiteFideId "1119320"]
[BlackFideId "14306514"]
[EventDate "2021.06.05"]

1. e4 c6 2. d4 d5 3. exd5 cxd5 4. Bd3 Nc6 5. c3 Nf6 6. h3 g6 7. Nf3 Bg7 8. O-O
O-O 9. Re1 Bf5 10. Bxf5 gxf5 11. Nh4 e6 12. Bg5 Kh8 13. Qc1 Rg8 14. Bh6 Ne4 15.
Bxg7+ Rxg7 16. Qh6 Qg5 17. Qxg5 Rxg5 18. Nf3 Rg7 19. Nbd2 Rag8 20. g3 f4 21.
Nxe4 dxe4 22. Rxe4 fxg3 23. fxg3 Rxg3+ 24. Kf2 Rg2+ 25. Ke3 Rxb2 26. a4 Rc2 27.
Kd3 Rf2 28. Re3 Rg3 29. Ne5 Nxe5+ 30. dxe5 Rff3 31. Rxf3 Rxf3+ 32. Kd4 Rxh3 33.
a5 Kg7 34. Rb1 b6 35. axb6 axb6 36. Rxb6 Rh4+ 37. Kc5 Re4 38. Kd6 Rc4 39. Rc6
Rxc6+ 40. Kxc6 h5 41. c4 h4 42. c5 h3 43. Kd7 h2 44. c6 h1=Q 45. c7 Qb7 46. Kd8
Kf8 47. c8=Q Qe7# 0-1

[Event "Women's Speed Chess Q6"]
[Site "chess.com INT"]
[Date "2021.06.05"]
[Round "12"]
[White "Nandhidhaa, P V"]
[Black "Mkrtchian, Lilit"]
[Result "1-0"]
[WhiteTitle "WGM"]
[BlackTitle "IM"]
[WhiteElo "2365"]
[BlackElo "2388"]
[WhiteFideId "5050847"]
[BlackFideId "13300601"]
[EventDate "2021.06.05"]

1. e4 e6 2. d4 d5 3. Nc3 Nf6 4. Bg5 Be7 5. e5 Nfd7 6. h4 h6 7. Bxe7 Qxe7 8. Nf3
a6 9. Qd2 c5 10. O-O-O c4 11. g4 Nc6 12. Bg2 b5 13. g5 h5 14. g6 fxg6 15. Ne2
Bb7 16. Nf4 Nf8 17. Bh3 b4 18. Rhg1 c3 19. Qd3 cxb2+ 20. Kb1 O-O-O 21. Nxg6 Nxg6
22. Rxg6 Kb8 23. Rxe6 Qf7 24. Ng5 Qxf2 25. Rg6 Qxh4 26. Ne6 Rc8 27. Nc5 Qe7 28.
Nxa6+ Bxa6 29. Qxa6 Qb7 30. Qxb7+ Kxb7 31. Bxc8+ Rxc8 32. Rxg7+ Kb6 33. e6 Kb5
34. e7 Re8 35. Re1 Nxd4 36. Rf7 Nc6 37. Kxb2 Kc5 38. Rf6 h4 39. Ree6 Nxe7 40.
Rf7 Rh8 41. Rexe7 h3 42. Rh7 1-0

[Event "Women's Speed Chess Q6"]
[Site "chess.com INT"]
[Date "2021.06.05"]
[Round "12"]
[White "Ziegenfuss, Antonia"]
[Black "Nemcova, Katerina"]
[Result "0-1"]
[WhiteTitle "WFM"]
[BlackTitle "WGM"]
[WhiteElo "2157"]
[BlackElo "2331"]
[WhiteFideId "12962554"]
[BlackFideId "322750"]
[EventDate "2021.06.05"]

1. d4 Nf6 2. Bg5 d5 3. Bxf6 exf6 4. e3 Bd6 5. g3 Nd7 6. Bg2 c6 7. Ne2 f5 8. Nd2
Nf6 9. c4 O-O 10. O-O Be6 11. c5 Bc7 12. b4 a6 13. a4 h5 14. Qb3 h4 15. Rfd1
hxg3 16. hxg3 Ne4 17. Bf3 g5 18. Kg2 Nxd2 19. Rxd2 g4 20. Bxg4 fxg4 21. Rh1 Bf5
22. Nc3 Qe7 23. Qd1 Kg7 24. Rh4 Qe6 25. Kg1 Rh8 26. e4 dxe4 27. d5 cxd5 28. Rxd5
Rxh4 29. gxh4 Be5 30. Ne2 Rh8 31. Ng3 Bxg3 32. fxg3 Bg6 33. Qd4+ Qf6 34. Qe3 Re8
35. Rg5 Qa1+ 36. Kg2 Rd8 37. h5 Qa2+ 0-1

[Event "Women's Speed Chess Q6"]
[Site "chess.com INT"]
[Date "2021.06.05"]
[Round "12"]
[White "Mammadova, Gulnar"]
[Black "Bodnaruk, Anastasia"]
[Result "1-0"]
[WhiteTitle "IM"]
[BlackTitle "IM"]
[WhiteElo "2382"]
[BlackElo "2446"]
[WhiteFideId "13403508"]
[BlackFideId "4181751"]
[EventDate "2021.06.05"]

1. e4 c5 2. Nf3 d6 3. Bb5+ Nd7 4. a4 Nf6 5. Nc3 e5 6. O-O Be7 7. d3 h6 8. a5 O-O
9. a6 bxa6 10. Bxa6 Qb6 11. Bc4 Qd8 12. Be3 Nb6 13. Ba2 Be6 14. Nd2 d5 15. exd5
Nfxd5 16. Nde4 Nxe3 17. fxe3 Qd7 18. Qf3 f5 19. Ng3 g6 20. Bxe6+ Qxe6 21. Ra6 c4
22. Rfa1 cxd3 23. cxd3 Rad8 24. Rxa7 Rxd3 25. Qb7 Rd7 26. Qf3 Bc5 27. Rxd7 Qxd7
28. Rd1 Qe6 29. Kh1 Nc4 30. Nd5 Nxb2 31. Rc1 Nd3 32. Rxc5 Nxc5 33. Nc3 Rd8 34.
h3 Qb3 35. Nce2 Qe6 36. Kh2 Kg7 37. Qf1 e4 38. Qa1+ Qf6 39. Qa7+ Nd7 40. Qc7 Qe5
41. Qxd8 h5 42. Qxd7+ Kh6 43. Qd8 g5 44. Qf8+ Kg6 45. Qxf5+ Qxf5 46. Nxf5 Kxf5
47. Kg3 Ke5 48. Nc3 1-0

[Event "Women's Speed Chess Q6"]
[Site "chess.com INT"]
[Date "2021.06.05"]
[Round "12"]
[White "Frayna, Janelle Mae"]
[Black "Dong, Khanh Linh"]
[Result "1-0"]
[WhiteTitle "WGM"]
[BlackTitle "WCM"]
[WhiteElo "2179"]
[BlackElo "1970"]
[WhiteFideId "5212499"]
[BlackFideId "12403040"]
[EventDate "2021.06.05"]

1. e4 c5 2. Nf3 d6 3. Bb5+ Bd7 4. Bxd7+ Nxd7 5. O-O Ngf6 6. Re1 g6 7. c3 Bg7 8.
d4 cxd4 9. cxd4 O-O 10. Nc3 Rc8 11. e5 dxe5 12. dxe5 Ng4 13. Bf4 Nc5 14. h3 Nxf2
15. Kxf2 Nd3+ 16. Kg3 Nxf4 17. Kxf4 Qa5 18. Kg3 Rfd8 19. Qb3 Rd3 20. Kh2 Bh6 21.
Rad1 Bf4+ 22. Kh1 Rcd8 23. Rxd3 Rxd3 24. Qxb7 Bg3 25. Qe4 Qd8 26. Rf1 e6 27. Ng5
Rd4 28. Nxf7 Rxe4 29. Nxd8 Rxe5 30. Nc6 Rc5 31. Nxa7 Ra5 32. Nab5 Kg7 33. a4 e5
34. b4 Ra8 35. a5 Rb8 36. a6 h5 37. a7 Ra8 38. Nd5 e4 39. Nb6 Rxa7 40. Nxa7 h4
41. Nb5 1-0

[Event "Women's Speed Chess Q6"]
[Site "chess.com INT"]
[Date "2021.06.05"]
[Round "12"]
[White "Varshini, V"]
[Black "Steil-Antoni, Fiona"]
[Result "1-0"]
[WhiteTitle "WGM"]
[BlackTitle "WIM"]
[WhiteElo "2226"]
[BlackElo "2129"]
[WhiteFideId "5091241"]
[BlackFideId "4001249"]
[EventDate "2021.06.05"]

1. e4 e5 2. Nf3 Nc6 3. Bc4 Bc5 4. c3 Nf6 5. d4 exd4 6. e5 d5 7. Bb5 Ne4 8. cxd4
Bb4+ 9. Bd2 Bxd2+ 10. Nbxd2 Nxd2 11. Qxd2 Bd7 12. Bxc6 Bxc6 13. O-O O-O 14. Rfe1
Bd7 15. h3 c6 16. Rac1 Be6 17. Rc3 Qa5 18. a3 Rae8 19. Nh2 f6 20. b4 Qd8 21. Nf3
fxe5 22. Nxe5 Rf6 23. Rce3 Qc8 24. Rg3 Ref8 25. Qg5 g6 26. Rf3 Rxf3 27. Nxf3
Bxh3 28. Re7 Qg4 29. Qxg4 Bxg4 30. Rxb7 Bxf3 31. gxf3 Rf7 32. Rb8+ Kg7 33. Rc8
Rxf3 34. Rc7+ Kh6 35. Rxa7 Rd3 36. Ra6 Rxd4 37. Rxc6 Rd1+ 38. Kg2 Ra1 39. Rc3
Kg5 40. Rd3 Kf6 41. b5 Ke5 42. Rb3 Rc1 43. b6 Rc8 44. a4 1-0

[Event "Women's Speed Chess Q6"]
[Site "chess.com INT"]
[Date "2021.06.05"]
[Round "12"]
[White "Zaksaite, Salomeja"]
[Black "Pandey, Srishti"]
[Result "1-0"]
[WhiteTitle "WIM"]
[BlackTitle "WFM"]
[WhiteElo "2202"]
[BlackElo "2026"]
[WhiteFideId "12801496"]
[BlackFideId "35093290"]
[EventDate "2021.06.05"]

1. e4 d5 2. exd5 Nf6 3. d4 Bg4 4. Nf3 Qxd5 5. c4 Qh5 6. Be2 e6 7. Be3 Nc6 8.
Nbd2 O-O-O 9. h3 Bd6 10. O-O Bxh3 11. Ne5 Qf5 12. gxh3 Nxe5 13. dxe5 Bxe5 14. f4
Bxb2 15. Rb1 Bd4 16. Qb3 b6 17. Bxd4 Rxd4 18. Qe3 Rhd8 19. Rbd1 Kb8 20. Nb3 Rxd1
21. Rxd1 Rxd1+ 22. Bxd1 Qb1 23. Qd2 Ne4 24. Qd8+ Kb7 25. Qd4 Nc3 26. Qxc3 Qxd1+
27. Kg2 Qe2+ 28. Kg3 h5 29. Qf3+ Qxf3+ 30. Kxf3 Kc6 31. Ke4 Kd6 32. h4 g6 33.
Kd4 c5+ 34. Ke4 a6 35. a4 a5 36. Nc1 f5+ 37. Ke3 e5 38. Nd3 e4 39. Ne5 g5 40.
hxg5 h4 41. g6 h3 42. g7 h2 43. g8=Q h1=Q 44. Qd8+ Ke6 45. Qd7+ Kf6 46. Qf7# 1-0

[Event "Women's Speed Chess Q6"]
[Site "chess.com INT"]
[Date "2021.06.05"]
[Round "12"]
[White "Babiy, Olga"]
[Black "Zhuravleva, Olga"]
[Result "1-0"]
[WhiteTitle "WGM"]
[BlackTitle "WIM"]
[WhiteElo "2280"]
[BlackElo "2278"]
[WhiteFideId "14117258"]
[BlackFideId "4145933"]
[EventDate "2021.06.05"]

1. d4 g6 2. e4 Bg7 3. Nc3 d6 4. f4 c6 5. Nf3 Nd7 6. Bd3 b5 7. Be3 Qa5 8. O-O Bb7
9. e5 d5 10. e6 fxe6 11. Ng5 Nf8 12. Bd2 Qb6 13. Ne2 Nf6 14. c3 h6 15. Nf3 N8d7
16. Bxg6+ Kd8 17. Ng3 c5 18. Kh1 c4 19. Ne5 Rf8 20. Qe2 Kc7 21. f5 Nxe5 22.
Qxe5+ Qd6 23. Qe2 Ne4 24. Nxe4 dxe4 25. a4 exf5 26. Bxf5 e6 27. Bxe4 bxa4 28.
Qxc4+ Bc6 29. Bxc6 Qxc6 30. Bf4+ Kb7 31. Qb4+ Qb6 32. Qe7+ Kc6 33. Qxg7 Qxb2 34.
Qc7+ Kd5 35. Qc5+ Ke4 36. Qe5+ Kd3 37. Rad1+ Kc4 38. Qc5+ Kb3 39. Qb5+ Kc2 40.
Rd2+ Kxc3 41. Qxb2+ Kc4 42. Rc2+ Kd5 43. Qb5+ Ke4 44. Re2+ Kxd4 45. Be5# 1-0

[Event "Women's Speed Chess Q6"]
[Site "chess.com INT"]
[Date "2021.06.05"]
[Round "12"]
[White "Mohota, Nisha"]
[Black "Gevorgyan, Maria"]
[Result "1-0"]
[WhiteTitle "IM"]
[BlackTitle "WGM"]
[WhiteElo "2195"]
[BlackElo "2219"]
[WhiteFideId "5004330"]
[BlackFideId "13300270"]
[EventDate "2021.06.05"]

1. b3 Nf6 2. Bb2 g6 3. Nf3 Bg7 4. g3 O-O 5. Bg2 c6 6. O-O d5 7. d4 b6 8. c4 Ba6
9. Nbd2 Nbd7 10. Rc1 Re8 11. Ne5 Rc8 12. cxd5 cxd5 13. Nc6 Rxc6 14. Rxc6 e5 15.
dxe5 Nxe5 16. Rc2 Ned7 17. Nf3 Nc5 18. Re1 Qd7 19. Qc1 Nce4 20. Rc7 Qd6 21. Rxa7
Bb5 22. Qc7 Qxc7 23. Rxc7 Ng4 24. Bxg7 Kxg7 25. Nd4 Nd6 26. Bxd5 Ba6 27. Rc6 Nc8
28. e3 Bb7 29. Rxg6+ hxg6 30. Bxb7 Nd6 31. Bd5 Ne5 32. Rc1 Nd3 33. Rc7 Ne5 34.
f4 Ng4 35. e4 Nf6 36. Bxf7 Nxf7 37. e5 Nd5 38. Rd7 Rd8 39. Ne6+ Kh6 40. Nxd8
Nxd8 41. Rxd5 Nc6 42. e6 Kg7 43. Rd6 Ne7 44. Rd7 Kf6 45. Rxe7 Kxe7 46. g4 Kxe6
47. Kf2 Kd5 48. Ke3 b5 49. f5 gxf5 50. gxf5 Ke5 51. f6 Kxf6 52. Kd4 Ke6 53. Kc5
Ke5 54. Kxb5 Kd4 55. a4 Kc3 56. a5 Kb2 57. a6 Kxb3 58. a7 Kb2 59. a8=Q Kb3 60.
Qa4+ Kb2 61. Kb4 Kc1 62. Qa2 Kd1 63. Kc3 Ke1 64. Kd3 Kf1 65. Ke3 Kg1 66. Kf3 Kf1
67. Qf2# 1-0

[Event "Women's Speed Chess Q6"]
[Site "chess.com INT"]
[Date "2021.06.05"]
[Round "12"]
[White "Socko, Monika"]
[Black "Kulkarni, Bhakti"]
[Result "0-1"]
[WhiteTitle "GM"]
[BlackTitle "IM"]
[WhiteElo "2393"]
[BlackElo "2391"]
[WhiteFideId "1106619"]
[BlackFideId "5019516"]
[EventDate "2021.06.05"]

1. e4 e5 2. Nf3 Nf6 3. Nxe5 Nxe4 4. Nf3 d5 5. d3 Nf6 6. d4 Bd6 7. Bd3 O-O 8. O-O
Nc6 9. c3 Bg4 10. Nbd2 Qd7 11. Re1 Rfe8 12. Bf1 Rxe1 13. Qxe1 Re8 14. Qd1 Ne4
15. Qc2 Nxd2 16. Bxd2 Bxf3 17. gxf3 h6 18. Re1 Rxe1 19. Bxe1 Qe7 20. Bd2 Qh4 21.
h3 Qh5 22. Qd3 Qg6+ 23. Qxg6 fxg6 24. f4 Ne7 25. Kg2 Kf7 26. Bd3 Kf6 27. Kf3 Nf5
28. b3 c6 29. Be3 Nh4+ 30. Kg3 g5 31. Kg4 gxf4 32. Bxf4 Bxf4 33. Kxf4 h5 34. c4
g5+ 35. Ke3 Nf5+ 36. Bxf5 Kxf5 37. f3 g4 38. fxg4+ hxg4 39. hxg4+ Kxg4 40. c5
Kg3 41. b4 Kg4 42. a4 Kg3 43. b5 a5 44. Ke2 Kf4 45. Kd3 Kf3 46. b6 Kf4 47. Kd2
Ke4 48. Kc3 Ke3 0-1

[Event "Women's Speed Chess Q6"]
[Site "chess.com INT"]
[Date "2021.06.05"]
[Round "12"]
[White "Starosta, Martyna"]
[Black "Arpita, Mukherjee"]
[Result "0-1"]
[WhiteTitle "WCM"]
[BlackTitle "WIM"]
[WhiteElo "1910"]
[BlackElo "2206"]
[WhiteFideId "21818754"]
[BlackFideId "5056403"]
[EventDate "2021.06.05"]

1. e4 c5 2. Nf3 d6 3. d4 cxd4 4. Nxd4 Nf6 5. Nc3 a6 6. Bg5 Nbd7 7. f4 Qc7 8. Qf3
h6 9. Bxf6 Nxf6 10. f5 Qc5 11. O-O-O Rg8 12. g3 g5 13. h4 g4 14. Qe2 h5 15. Bg2
Qe5 16. Qd3 Bg7 17. Rhe1 Bd7 18. Kb1 Rc8 19. Nd5 b5 20. Qa3 Nxd5 21. exd5 Qf6
22. Be4 Kf8 23. Qxa6 Bh8 24. Qb7 Rc4 25. Qxd7 Rxd4 26. Rxd4 Qxd4 27. Qxb5 Be5
28. c3 Qf2 29. Qe2 Qxg3 30. Rh1 f6 31. a4 Kf7 32. a5 Rb8 33. Ka2 Bxc3 34. a6
Rxb2+ 35. Qxb2 Bxb2 36. Kxb2 Qe3 37. Bc2 Qb6+ 38. Kc3 Qxa6 39. Re1 Qa5+ 40. Kd3
Qxe1 41. Kd4 g3 42. Kc4 g2 43. Kb5 g1=Q 44. Kc6 Qc5+ 45. Kd7 Qea5 46. Ba4 Qac7# 0-1

[Event "Women's Speed Chess Q6"]
[Site "chess.com INT"]
[Date "2021.06.05"]
[Round "12"]
[White "Nanditha, V"]
[Black "Obregon Garcia, Roxangel"]
[Result "0-1"]
[WhiteTitle "WCM"]
[BlackTitle "WIM"]
[WhiteElo "1666"]
[BlackElo "2167"]
[WhiteFideId "46626697"]
[BlackFideId "3520420"]
[EventDate "2021.06.05"]

1. e4 c5 2. Nf3 Nc6 3. Bb5 g6 4. O-O Bg7 5. Re1 e5 6. Bxc6 dxc6 7. d3 Ne7 8.
Nbd2 h6 9. a4 a5 10. Nc4 b6 11. Be3 Qc7 12. Ra3 O-O 13. Rb3 Rb8 14. Qd2 Kh7 15.
h4 Be6 16. h5 Bg4 17. hxg6+ fxg6 18. Nh2 Be6 19. f3 g5 20. Qf2 Ng6 21. Kf1 b5
22. axb5 cxb5 23. Nd2 Bxb3 24. Nxb3 c4 25. Nc1 cxd3 26. Nxd3 Rbc8 27. Re2 Qc4
28. Ke1 b4 29. g3 a4 30. Ng4 b3 31. Qh2 bxc2 32. Nc1 Rxf3 33. Bxg5 Rcf8 34. Nf2
Qb4+ 35. Bd2 Qxb2 36. g4 a3 37. g5 a2 38. Nxa2 Qxa2 39. Bc1 Qb1 40. Kd2 Rd8+ 41.
Nd3 Rdxd3+ 42. Ke1 Qxc1# 0-1

[Event "Women's Speed Chess Q6"]
[Site "chess.com INT"]
[Date "2021.06.05"]
[Round "12"]
[White "Golubeva, Oksana"]
[Black "Kanyamarala, Trisha"]
[Result "1-0"]
[WhiteTitle "WFM"]
[BlackTitle "WIM"]
[WhiteElo "2179"]
[BlackElo "2180"]
[WhiteFideId "4170164"]
[BlackFideId "45004722"]
[EventDate "2021.06.05"]

1. Nf3 c5 2. e3 d5 3. d4 e6 4. c4 cxd4 5. exd4 Nf6 6. Nc3 Nc6 7. Be3 Be7 8. Qc2
O-O 9. Rd1 a6 10. b3 Qa5 11. Bd2 Qb6 12. Na4 Qc7 13. Bd3 Nb4 14. Bxb4 Bxb4+ 15.
Kf1 b5 16. Nb2 bxc4 17. bxc4 dxc4 18. Nxc4 a5 19. Rc1 Ba6 20. Qe2 Rfc8 21. g3
Nd5 22. Qe4 g6 23. Nfe5 Nc3 24. Qf4 Rf8 25. a3 Nd5 26. Qh6 Be7 27. Kg2 Bf6 28.
h4 Bg7 29. Qd2 f6 30. Ng4 h5 31. Nge3 f5 32. Ne5 Qb7 33. f3 Nxe3+ 34. Qxe3 Bxd3
35. Nxd3 Rfe8 36. Rc2 Qd5 37. Ne5 Rad8 38. Nxg6 Qxd4 39. Qg5 Qf6 40. Qxh5 Rd3
41. Nf4 Red8 42. Nxd3 Rxd3 43. Rc8+ Rd8 44. Rhc1 Qb2+ 45. Kh3 1-0

[Event "Women's Speed Chess Q6"]
[Site "chess.com INT"]
[Date "2021.06.05"]
[Round "12"]
[White "Sviridova, Vlada"]
[Black "Priyanka, K"]
[Result "1-0"]
[WhiteTitle "WFM"]
[BlackTitle "WIM"]
[WhiteElo "2144"]
[BlackElo "2218"]
[WhiteFideId "24109606"]
[BlackFideId "5082986"]
[EventDate "2021.06.05"]

1. d4 Nf6 2. c4 g6 3. Nc3 Bg7 4. e4 d6 5. Nf3 O-O 6. Be2 e5 7. O-O Nc6 8. d5 Ne7
9. Ne1 Nd7 10. Be3 f5 11. f3 f4 12. Bf2 g5 13. Nd3 Rf6 14. c5 Rh6 15. Rc1 Qe8
16. Nb5 Qh5 17. h4 gxh4 18. Nxc7 h3 19. g4 fxg3 20. Bxg3 Rg6 21. Nxa8 Rxg3+ 22.
Kh1 dxc5 23. Nxc5 Nxc5 24. Rxc5 h2 25. d6 Bh3 26. Rf2 Qg5 27. Rxh2 Ng6 28. d7
Bxd7 29. Rd5 Nf8 30. Qf1 Kh8 31. Nc7 Bh3 32. Rxh3 Rxh3+ 33. Qxh3 Qc1+ 34. Qf1
Qxc7 35. Bc4 Qe7 36. Bb3 Qh4+ 37. Kg1 Qg3+ 38. Qg2 Qe1+ 39. Kh2 1-0